|
|
|
|
| LEADER |
03266nam a22004935i 4500 |
| 001 |
978-981-10-3782-5 |
| 003 |
DE-He213 |
| 005 |
20170302163542.0 |
| 007 |
cr nn 008mamaa |
| 008 |
170302s2017 si | s |||| 0|eng d |
| 020 |
|
|
|a 9789811037825
|9 978-981-10-3782-5
|
| 024 |
7 |
|
|a 10.1007/978-981-10-3782-5
|2 doi
|
| 040 |
|
|
|d GrThAP
|
| 050 |
|
4 |
|a LB1024.2-1050.75
|
| 050 |
|
4 |
|a LB1705-2286
|
| 072 |
|
7 |
|a JNMT
|2 bicssc
|
| 072 |
|
7 |
|a EDU046000
|2 bisacsh
|
| 072 |
|
7 |
|a EDU024000
|2 bisacsh
|
| 082 |
0 |
4 |
|a 370.711
|2 23
|
| 100 |
1 |
|
|a Benade, Leon.
|e author.
|
| 245 |
1 |
0 |
|a Being A Teacher in the 21st Century
|h [electronic resource] :
|b A Critical New Zealand Research Study /
|c by Leon Benade.
|
| 264 |
|
1 |
|a Singapore :
|b Springer Singapore :
|b Imprint: Springer,
|c 2017.
|
| 300 |
|
|
|a XI, 211 p. 7 illus.
|b online resource.
|
| 336 |
|
|
|a text
|b txt
|2 rdacontent
|
| 337 |
|
|
|a computer
|b c
|2 rdamedia
|
| 338 |
|
|
|a online resource
|b cr
|2 rdacarrier
|
| 347 |
|
|
|a text file
|b PDF
|2 rda
|
| 505 |
0 |
|
|a Chapter 1 Introduction -- Chapter 2 Presenting the research -- Chapter 3 The future is now: What '21st-century learning' means for teaching -- Chapter 4 The impacts on teachers' work: 21st-century learning -- Chapter 5 The impacts on teachers' work: Working in Flexible Learning Environments -- Chapter 6 The impacts on teachers' work: ICT/BYOD and digital pedagogy -- Chapter 7 The impacts on teachers' work: Practitioner attitudes and reflective transitions -- Chapter 8 Responding to 21st-century learning policy demands -- Chapter 9 Lessons to be learned?.
|
| 520 |
|
|
|a This book provides scholars, teacher educators, as well as reflective school leaders and teachers with valuable insights into what it is to be a teacher in the 21st century. It does so by presenting original research based on a study of several New Zealand schools between 2013 and 2015, and in particular, a focussed study of four of those schools in 2015. The book draws on the findings to take stock of some of the central manifestations of 21st-century learning, especially digital pedagogies and the collaborative practices associated with teaching and learning in modern learning environments. It reflects on the mental shifts and sometimes-painful transitions teachers and leaders are making and experiencing as they enter uncharted waters, moving from traditional classroom practices to ones that emphasise collaboration, teamwork and the radical de-centring of their personal roles. It outlines a blueprint for understanding how to navigate these changes, and describes and explains the nature of pedagogical shifts apparent in digital classrooms and modern learning environments.
|
| 650 |
|
0 |
|a Education.
|
| 650 |
|
0 |
|a International education.
|
| 650 |
|
0 |
|a Comparative education.
|
| 650 |
|
0 |
|a Educational technology.
|
| 650 |
|
0 |
|a Teaching.
|
| 650 |
1 |
4 |
|a Education.
|
| 650 |
2 |
4 |
|a Teaching and Teacher Education.
|
| 650 |
2 |
4 |
|a Educational Technology.
|
| 650 |
2 |
4 |
|a International and Comparative Education.
|
| 710 |
2 |
|
|a SpringerLink (Online service)
|
| 773 |
0 |
|
|t Springer eBooks
|
| 776 |
0 |
8 |
|i Printed edition:
|z 9789811037818
|
| 856 |
4 |
0 |
|u http://dx.doi.org/10.1007/978-981-10-3782-5
|z Full Text via HEAL-Link
|
| 912 |
|
|
|a ZDB-2-EDA
|
| 950 |
|
|
|a Education (Springer-41171)
|